Spell the Marvel Hero #134 - Statistics

General Stats
  • This quiz has been taken 14 times
  • The average score is 8 of 14
Answer Stats
Picture Answer % Correct
Iron Fist
91%
Howard the Duck
82%
Echo
73%
Gwenpool
73%
Havok
73%
Angel
64%
Rogue
64%
Thunderstrike
64%
Namorita
55%
Red Wolf
55%
Thena
55%
Night Thrasher
45%
Hummingbird
27%
Silhouette
27%
No matching quizzes found
Score Distribution
Percent of People with Each Score
Percentile by Number Answered
Your Score History
You have not taken this quiz